Word Ladder: Camping Quiz Stats

 Plays Quiz Updated Feb 12, 2016

Challenge
Share
Tweet
Embed
Score 0/50 Timer 05:00
3 Plays Today
Clue 4-Letter Word % Correct
12 inchesFOOT
96.6%
• S'mores, hot dogs, burgers, e. g. •• FOOD •
95.3%
Golfer's targetHOLE
94.6%
• Campers use this to cook [rung 2] •• FIRE •
93.7%
• Common camping shelter •• TENT •
93.1%
• Common type of camping footwear •• BOOT •
92.7%
Famous UsainBOLT
92%
Michelin productTIRE
92%
GraspHOLD
91.8%
What golfers yellFORE
91.7%
Use a phoneCALL
91.2%
Flunk an examFAIL
90.8%
• Item used to support common camping shelter •• POLE •
89.3%
• Weather that can extinguish [rung 12] •• RAIN •
89%
BraveBOLD
88.9%
Skin openingPORE
88.6%
Erie, Superior, or Victoria, e. g.LAKE
88.3%
Major cola company nicknameCOKE
87.9%
Pride often goes before oneFALL
87.6%
• Kindling material •• WOOD •
87.4%
Shade or hueTINT
87%
Fork partTINE
86.7%
Clenched handFIST
84.1%
Credit, calling, or birthday, e. g.CARD
83.7%
Original 'Cosmos' host: ____ SaganCARL
83.7%
Clue 4-Letter Word % Correct
Beverage made from hopsBEER
83.2%
• Ursine creature best avoided while camping •• BEAR •
82.3%
This gives Chicago its nicknameWIND
82.1%
Stiller, Affleck, and Franklin, e. g.BENS
81.2%
Singer: Natalie ____COLE
81.2%
Melon protectorRIND
81.1%
Thin ropeCORD
80.5%
Italian automakerFIAT
80.5%
Juliet's line: ____, ____ deny/What I have spoke.FAIN
80.1%
It's a lie, according to PortalCAKE
79.9%
• [Rung 12] helps alleviate this feeling •• COLD •
79.5%
Kentucky Senator: ____ PaulRAND
79.3%
• Animal inhabitant of [rung 35] •• FISH •
78.6%
TurnBEND
78.6%
Bowler's divisionLANE
78.4%
Necklace componentBEAD
78.3%
• Nimble cervine creature found in the woods •• DEER •
77%
Sudden attackRAID
76.9%
BelovedDEAR
76.4%
AccomplishmentFEAT
75.7%
Batman villianBANE
75%
Makes illegalBANS
74.5%
LeftWENT
74.2%
Subject of famous FDR quoteFEAR
73.9%
Make one's wayWEND
70.7%

Today's Daily Dose

You're not logged in!

Compare scores with friends on all Sporcle quizzes.
OR
Log In

You Might Also Like...

Show Comments

Extras

Top Quizzes Today


Score Distribution

Your Account Isn't Verified!

In order to create a playlist on Sporcle, you need to verify the email address you used during registration. Go to your Sporcle Settings to finish the process.

Report this User

Report this user for behavior that violates our Community Guidelines.

Details: